[Event "53rd Biel GMT Rapid 2020"]
[Site "Biel SUI"]
[Date "2020.07.19"]
[Round "4.3"]
[White "Wojtaszek, Radoslaw"]
[Black "Naiditsch, Arkadij"]
[Result "1-0"]
[WhiteTitle "GM"]
[BlackTitle "GM"]
[WhiteElo "2719"]
[BlackElo "2626"]
[WhiteFideId "1118358"]
[BlackFideId "4650891"]
[EventDate "2020.07.19"]

1. d4 Nf6 2. c4 e6 3. g3 d5 4. Bg2 Bb4+ 5. Nd2 O-O 6. Nf3 dxc4 7. Qc2 b5 8. a4
bxa4 9. O-O Bb7 10. Nxc4 c5 11. Rd1 cxd4 12. Rxd4 Qe7 13. Bg5 Nc6 14. Rf4 Rfd8
15. Qxa4 h6 16. Bxf6 gxf6 17. Rh4 Rac8 18. Ne3 f5 19. Rxh6 Bc5 20. Qb3 Rb8 21.
Ra4 Nd4 22. Nxd4 Bxd4 23. Rb4 Qg5 24. Rh4 Bb6 25. Bxb7 Rxb7 26. Qc3 Qg7 27. Qc6
Rbd7 28. Qf3 Bd4 29. b3 Kf8 30. Kg2 a5 31. Rb5 Bc3 32. Nc4 Bf6 33. Rh5 Rd1 34.
Rb7 Rb1 35. Qc6 Qg6 36. Rh3 Rdd1 37. Qc8+ Bd8 38. Ne5 Qg4 39. Nxg4 1-0